000 00778nam#a22002895a#4500
001 572
008 070613s2004####ag#a###e|f###|||1#|dspa#|
245 0 3 _aGramíneas Ornamentales /
_cZulma E. Rúgolo, María de Luján Puglia.
250 _a1ª ed.
260 _aBuenos Aires :
_bL.O.L.A.,
_c2004.
300 _a336 p. :
_bil. ;
_c25 cm.
020 _a9509725587
100 1 _aRúgolo, Zulma E.
700 1 _aPuglia, María de Luján.
080 _a653
084 _aR93 D21
653 _aPastos, familia botánica
653 _aMorfología de las gramíneas
653 _aDiseño en espacios verdes
653 _aDescripción
653 _aRequerimientos
653 _aManejos
653 _aJardinería
005 20241107184639.0
003 AR-ClEAG
942 _cBK
999 _c572
_d572
980 _62
_aEvangelina Gallicchio
_82
_gEvangelina Gallicchio